[Event "AUT-chT 1718"]
[Site "Austria"]
[Date "2018.04.06"]
[Round "10.6"]
[White "Wallner, Joachim"]
[Black "Zorko, Jure"]
[Result "1-0"]
[WhiteElo "2313"]
[BlackElo "2464"]
[PlyCount "109"]
[EventDate "2017.11.16"]
[EventType "team-tourn"]
[EventRounds "11"]
[EventCountry "AUT"]
[SourceTitle "EXT 2019"]
[Source "ChessBase"]
[SourceDate "2018.10.10"]
[SourceVersion "1"]
[SourceVersionDate "2018.10.10"]
[SourceQuality "1"]
[WhiteTeam "Wulkaprodersdorf"]
[BlackTeam "Raika Feffernitz"]
[WhiteTeamCountry "AUT"]
[BlackTeamCountry "AUT"]

1. Nf3 d5 2. g3 Bg4 3. Bg2 Nd7 4. c4 e6 5. d3 c6 6. 0-0 Ngf6 7. cxd5 exd5 8. Nc3 Bc5 9. Qc2 0-0 10. h3 Bxf3 11. Bxf3 Bb6 12. b4 Re8 13. Bb2 Qb8 14. Kh1 h5 15. Na4 Ne5 16. Nxb6 axb6 17. Bg2 h4 18. gxh4 Ng6 19. Bxf6 gxf6 20. h5 Nf4 21. e3 Ne6 22. Rg1 Kf8 23. d4 b5 24. Bf3 Qd6 25. a3 Ng5 26. Bg4 Ke7 27. h4 Ne6 28. h6 f5 29. Bxf5 Rh8 30. h7 Nf8 31. Rg4 Nd7 32. e4 Qf6 33. exd5 cxd5 34. Qe2+ Kd6 35. Bxd7 Kxd7 36. Qxb5+ Qc6 37. Qd3 Qh6 38. Re1 Rxh7 39. Qf5+ Kc7 40. Re7+ Kb6 41. Qxd5 Qc6 42. Qxc6+ Kxc6 43. Re3 Rah8 44. Rh3 f5 45. Rf4 Rh5 46. Kg2 Kd6 47. Kf3 Ra8 48. Ke2 Rah8 49. Kd3 R8h7 50. a4 b6 51. Kc4 Re7 52. Rhf3 Re4 53. Rxe4 b5+ 54. axb5 fxe4 55. Rf4 1-0

[Event "Schilcherland op 1st"]
[Site "Deutschlandsberg"]
[Date "2018.01.01"]
[Round "4"]
[White "Furman, Boris"]
[Black "Wallner, Joachim"]
[Result "0-1"]
[WhiteElo "2211"]
[BlackElo "2306"]
[PlyCount "51"]
[EventDate "2017.12.29"]
[EventType "swiss"]
[EventRounds "9"]
[EventCountry "AUT"]
[SourceTitle "CBM 182 Extra"]
[Source "ChessBase"]
[SourceDate "2018.02.23"]
[SourceVersion "1"]
[SourceVersionDate "2018.02.23"]
[SourceQuality "1"]

1. d4 b6 2. c4 Bb7 3. Nc3 e6 4. Nf3 Bb4 5. Bg5 f6 6. Bh4 Ne7 7. e3 h5 8. Bg3 Bxc3+ 9. bxc3 d6 10. Bd3 e5 11. d5 Na6 12. Nh4 Nc5 13. Ng6 Rh6 14. Nxe7 Qxe7 15. h4 0-0-0 16. Be2 Rdh8 17. Qc2 Kb8 18. e4 Bc8 19. f3 f5 20. Bf2 f4 21. 0-0-0 g5 22. hxg5 Qxg5 23. Bh4 Qg7 24. Rdg1 Rg6 25. Bf1 Bd7 26. Qb1 0-1

[Event "Schilcherland op 1st"]
[Site "Deutschlandsberg"]
[Date "2017.12.31"]
[Round "3"]
[White "Wallner, Joachim"]
[Black "Pitica, Silviu Valentin"]
[Result "1/2-1/2"]
[WhiteElo "2306"]
[BlackElo "2102"]
[PlyCount "33"]
[EventDate "2017.12.29"]
[EventType "swiss"]
[EventRounds "9"]
[EventCountry "AUT"]
[SourceTitle "CBM 182 Extra"]
[Source "ChessBase"]
[SourceDate "2018.02.23"]
[SourceVersion "1"]
[SourceVersionDate "2018.02.23"]
[SourceQuality "1"]

1. Nf3 Nf6 2. c4 b6 3. g3 Bb7 4. Bg2 g6 5. b3 Bg7 6. Bb2 c5 7. 0-0 0-0 8. d4 cxd4 9. Qxd4 Nc6 10. Qf4 d5 11. Rd1 d4 12. Qc1 Ne4 13. e3 e5 14. Nbd2 Nc5 15. Nb1 Ne4 16. Nbd2 Nc5 17. Nb1 1/2-1/2

[Event "Schilcherland op 1st"]
[Site "Deutschlandsberg"]
[Date "2017.12.29"]
[Round "1"]
[White "Wallner, Joachim"]
[Black "Klasinc, Kristjan"]
[Result "1-0"]
[WhiteElo "2306"]
[BlackElo "1812"]
[PlyCount "83"]
[EventDate "2017.12.29"]
[EventType "swiss"]
[EventRounds "9"]
[EventCountry "AUT"]
[SourceTitle "CBM 182 Extra"]
[Source "ChessBase"]
[SourceDate "2018.02.23"]
[SourceVersion "1"]
[SourceVersionDate "2018.02.23"]
[SourceQuality "1"]

1. b3 f5 2. Bb2 Nf6 3. g3 Nc6 4. Bg2 g6 5. e3 Bg7 6. d4 d5 7. Nf3 Ne4 8. 0-0 Be6 9. Nbd2 Bg8 10. a3 Qd6 11. b4 h5 12. Qe2 Bf6 13. c4 e6 14. c5 Qe7 15. b5 Na5 16. Nxe4 fxe4 17. Nd2 h4 18. f3 hxg3 19. hxg3 e5 20. fxe4 0-0-0 21. Bc3 exd4 22. Bxa5 dxe3 23. Qxe3 Bxa1 24. Rxa1 Qh7 25. Bc3 Qh2+ 26. Kf2 dxe4 27. Bxh8 Rf8+ 28. Ke1 Qxg2 29. Bd4 Bc4 30. Kd1 Bd3 31. a4 Qh1+ 32. Qg1 Qh5+ 33. Kc1 Qg5 34. Qe3 Qd5 35. Kb2 Rd8 36. Bc3 Rf8 37. Rh1 a6 38. b6 cxb6 39. cxb6 Qc6 40. Rh7 Qd5 41. Qd4 Qf5 42. Qd6 1-0

[Event "AUT-chT 1718"]
[Site "Austria"]
[Date "2017.11.19"]
[Round "4.4"]
[White "Wallner, Joachim"]
[Black "Kreisl, Robert"]
[Result "1/2-1/2"]
[WhiteElo "2313"]
[BlackElo "2448"]
[PlyCount "54"]
[EventDate "2017.11.16"]
[EventType "team-tourn"]
[EventRounds "11"]
[EventCountry "AUT"]
[SourceTitle "CBM 181 Extra"]
[Source "ChessBase"]
[SourceDate "2017.12.12"]
[SourceVersion "1"]
[SourceVersionDate "2017.12.12"]
[SourceQuality "1"]
[WhiteTeam "Wulkaprodersdorf"]
[BlackTeam "Maria Saal"]
[WhiteTeamCountry "AUT"]
[BlackTeamCountry "AUT"]

1. Nf3 Nf6 2. c4 e6 3. b3 b6 4. g3 Bb7 5. Bg2 c5 6. Bb2 Be7 7. 0-0 0-0 8. Nc3 d5 9. cxd5 Nxd5 10. Nxd5 Qxd5 11. d3 Nc6 12. Ne5 Qd6 13. Nxc6 Bxc6 14. Bxc6 Qxc6 15. Qc2 Rfd8 16. Qc4 Rd5 17. a4 Bf6 18. Bxf6 gxf6 19. Rfc1 a5 20. Qh4 Kg7 21. Rc4 h6 22. Rf1 Qd6 23. Rfc1 Rd8 24. Kg2 Rd7 25. Kg1 Rd8 26. Kg2 Rd7 27. Kg1 Rd8 1/2-1/2

[Event "AUT-chT 1718"]
[Site "Austria"]
[Date "2017.11.17"]
[Round "2.3"]
[White "Wallner, Joachim"]
[Black "Klek, Hanna Marie"]
[Result "0-1"]
[WhiteElo "2313"]
[BlackElo "2368"]
[PlyCount "114"]
[EventDate "2017.11.16"]
[EventType "team-tourn"]
[EventRounds "11"]
[EventCountry "AUT"]
[SourceTitle "CBM 181 Extra"]
[Source "ChessBase"]
[SourceDate "2017.12.12"]
[SourceVersion "1"]
[SourceVersionDate "2017.12.12"]
[SourceQuality "1"]
[WhiteTeam "Wulkaprodersdorf"]
[BlackTeam "Salzburg Royal"]
[WhiteTeamCountry "AUT"]
[BlackTeamCountry "AUT"]

1. c4 e5 2. Nc3 Nc6 3. g3 f5 4. Bg2 Nf6 5. d3 Bb4 6. Bd2 Bxc3 7. Bxc3 d6 8. e3 0-0 9. Ne2 Qe8 10. 0-0 Qh5 11. d4 a5 12. b3 Nd8 13. Bb2 Nf7 14. Nc3 Qh6 15. Nd5 Nxd5 16. Bxd5 e4 17. f4 exf3 18. Qxf3 c6 19. Bxf7+ Rxf7 20. d5 Bd7 21. Qf4 Qxf4 22. exf4 cxd5 23. cxd5 Bb5 24. Rfe1 Bd3 25. Re6 Rd7 26. Ba3 Ra6 27. Rc1 Be4 28. Rc8+ Kf7 29. Ree8 a4 30. bxa4 Rxa4 31. Rf8+ Kg6 32. Ra8 Rxa8 33. Rxa8 Bxd5 34. Bb4 Be4 35. a4 d5 36. Ba5 d4 37. Rd8 Bc6 38. Rxd7 Bxd7 39. Bb6 d3 40. Kf2 Bxa4 41. Ke3 Bb5 42. h3 Kh5 43. Bd4 g6 44. Bc3 h6 45. Bd2 g5 46. Kd4 Bc6 47. Ke5 Bg2 48. Kxf5 Bxh3+ 49. Ke4 gxf4 50. gxf4 Kg6 51. Kxd3 Kf5 52. Ke3 h5 53. Bb4 Bg4 54. Be7 b5 55. Bg5 b4 56. Kd3 b3 57. Kc3 Bd1 0-1

[Event "AUT-ch"]
[Site "Graz"]
[Date "2017.08.16"]
[Round "5"]
[White "Goessler, Markus"]
[Black "Wallner, Joachim"]
[Result "0-1"]
[WhiteElo "2170"]
[BlackElo "2325"]
[PlyCount "108"]
[EventDate "2017.08.12"]
[EventType "swiss"]
[EventRounds "9"]
[EventCountry "AUT"]
[SourceTitle "CBM 180 Extra"]
[Source "ChessBase"]
[SourceDate "2017.10.06"]
[SourceVersion "1"]
[SourceVersionDate "2017.10.06"]
[SourceQuality "1"]

1. e4 Nf6 2. e5 Nd5 3. d4 d6 4. Nf3 dxe5 5. Nxe5 c6 6. Be2 Bf5 7. 0-0 Nd7 8. Nf3 e6 9. c4 N5f6 10. Nc3 Bd6 11. Nh4 Bg6 12. g3 0-0 13. Nxg6 hxg6 14. Bf3 e5 15. Bg2 exd4 16. Qxd4 Be5 17. Qe3 Qb6 18. Na4 Qa5 19. Qb3 Rac8 20. Nc3 Nc5 21. Qc2 Bxc3 22. bxc3 Qa6 23. Be3 Qxc4 24. Qb2 b6 25. Qa3 Na4 26. Rfc1 b5 27. Qb3 Nb6 28. Bf1 Qa4 29. c4 bxc4 30. Bxc4 Qa5 31. Bc5 Nxc4 32. Rxc4 Rfe8 33. Qa4 Re1+ 34. Rxe1 Qxe1+ 35. Kg2 Qe6 36. Rd4 Qf5 37. Qc4 a5 38. a4 g5 39. h3 Re8 40. Bb6 g6 41. Rd8 Rxd8 42. Bxd8 Ne4 43. Bb6 c5 44. f3 Qe5 45. fxe4 Qb2+ 46. Kf3 Qxb6 47. e5 Qb4 48. Qb5 Qc3+ 49. Ke4 c4 50. Kd5 Qd3+ 51. Kc5 Qxg3 52. Qe8+ Kg7 53. Kxc4 Qxh3 54. Kb5 Qe6 0-1

[Event "Agneaux St Lo op 18th"]
[Site "Agneaux"]
[Date "2017.07.11"]
[Round "4.6"]
[White "Wallner, Joachim"]
[Black "David, Alexandre"]
[Result "1-0"]
[WhiteElo "2333"]
[BlackElo "2124"]
[PlyCount "43"]
[EventDate "2017.07.08"]
[EventType "swiss"]
[EventRounds "9"]
[EventCountry "FRA"]
[SourceTitle "EXT 2020"]
[Source "ChessBase"]
[SourceDate "2019.10.17"]
[SourceVersion "1"]
[SourceVersionDate "2019.10.17"]
[SourceQuality "1"]

1. b3 Nf6 2. Bb2 g6 3. c4 Bg7 4. g3 0-0 5. Bg2 d5 6. cxd5 Nxd5 7. Bxg7 Kxg7 8. Nf3 Nc6 9. 0-0 e5 10. d3 Re8 11. Qd2 f6 12. Qb2 Nde7 13. Nbd2 Bf5 14. Rac1 Qd7 15. Rfd1 Rad8 16. b4 Bh3 17. Bxh3 Qxh3 18. b5 Nd4 19. Nxd4 exd4 20. Rxc7 Rd5 21. Nf3 Rh5 22. Qxd4 1-0